Bảo trì và sửa chữa máy in laser /

Máy in đồ họa quang điện tử; Các thành phần cơ bản; Dụng cụ thử nghiệm và dụng cụ hàn; Chỉ dẫn bảo hành và sửa chữa; Kỹ thuật sao chụp điện tử; Các nguồn cung cấp điện; Hệ thống tạo hình ảnh; Hệ thống cơ; Bộ điều khiển; Chú giải thuật ngữ....

ver descrição completa

Na minha lista:
Detalhes bibliográficos
Outros Autores: Lê Phụng Long (biên dịch.)
Formato: Livro
Idioma:Vietnamese
Publicado em: Hà Nội : Thanh niên, 2004.
Assuntos:
Tags: Adicionar Tag
Sem tags, seja o primeiro a adicionar uma tag!
Thư viện lưu trữ: Mạng thư viện Đại học Đà Nẵng
LEADER 01449cam a2200349 a 4500
001 000044385
003 2759
005 20060410092021.0
008 010220b2004 vm 000 vie
020 |c 26000 
040 |a LRC  |b LRC  |d LRC 
041 1 |a vie 
082 1 4 |a 621.3987  |b Ba-T 
245 0 0 |a Bảo trì và sửa chữa máy in laser /  |c Biên dịch : Lê Phụng Long. 
260 |a Hà Nội :  |b Thanh niên,  |c 2004. 
300 |a 236 tr. :  |b mh. ;  |c 20,5 cm. 
520 3 |a Máy in đồ họa quang điện tử; Các thành phần cơ bản; Dụng cụ thử nghiệm và dụng cụ hàn; Chỉ dẫn bảo hành và sửa chữa; Kỹ thuật sao chụp điện tử; Các nguồn cung cấp điện; Hệ thống tạo hình ảnh; Hệ thống cơ; Bộ điều khiển; Chú giải thuật ngữ. 
630 0 4 |a Máy in. 
650 0 4 |a Máy in  |x Laser  |x Bảo trì và sửa chữa. 
700 1 |a Lê Phụng Long,  |e biên dịch. 
OWN |a DUT 
AVA |a UDN50  |b DUT  |c Book  |d 621.3987 Ba-T  |e available  |t Error 5001 Not defined in file expand_doc_bib_avail.  |f 5  |g 0  |h N  |i 0  |j SH  |k 1 
999 |a From the UDN01 
AVA |a UDN50  |b DUT  |c Book  |d 621.3987 Ba-T  |e available  |t Error 5001 Not defined in file expand_doc_bib_avail.  |f 5  |g 0  |h N  |i 0  |j SH  |k 1 
TYP |a Monograph 
TYP |a Printed language 
980 |a Mạng thư viện Đại học Đà Nẵng